000 00259nam a22001217a 4500
082 _aKHA/M
_b158
100 _aKHANNA,TWINKLE
245 _aMRS FUNNY BONES
260 _aINDIA
_bPENGUIN RANDOM HOUSE
300 _a235
650 _aBIOGRAPHY
_zINDIA
942 _cBK
999 _c5844
_d5844